| 000 | 00510 a2200193 4500 | ||
|---|---|---|---|
| 003 | OSt | ||
| 005 | 20180116182906.0 | ||
| 008 | 150922b xxu||||| |||| 00| 0 eng d | ||
| 020 | _a614761476147 | ||
| 040 | _c0 | ||
| 082 | _a658 | ||
| 100 | _aRednika,Neela. | ||
| 110 | _aICFAI | ||
| 245 |
_aPink Slip Parties-A New Human Resource Buzzword _cICMR Case Collection |
||
| 250 | _aHROB 026 | ||
| 260 |
_aIndia _bICFAI Center for Management Research _c2003 |
||
| 300 | _a20p | ||
| 942 |
_aNBS _cCS _k111 ICF _2ddc |
||
| 999 |
_c347984 _d347984 |
||